00362pab a2200121 454500008004000000100001900040245012000059260000900179300001200188362000800200650001400208773001800222180718b1996 xxu||||| |||| 00| 0 eng d aMathew, George aRestructuring the polity with panchayati raj as a cutting edge: the background, the issues and the ground realities c1996 ap.13-27 aMar aPanchayat aSocial Change